Vývoj zahraničního obchodu s obilovinami a výrobky z nich
Príspevok analyzuje vývoj zahraničného obchodu s obilninami a produktami z nich v rokoch 1993 - 2001. Hodnotenými produktami sú: pšeničná múka, slad, pekárenské výrobky a cestoviny. Analýza je založená na jedno-faktorových regresných funkciách a koeficientoch variability, ktoré ukazujú hlavné trendy...
Salvato in:
| Autore principale: | |
|---|---|
| Altri autori: | |
| Natura: | Capitolo di libro |
| Lingua: | ceco |
| Soggetti: | |
| Tags: |
Nessun Tag, puoi essere il primo ad aggiungerne!!
|
MARC
| LEADER | 00000naa$a2200000$$$4500 | ||
|---|---|---|---|
| 001 | 0022608 | ||
| 005 | 20221128121020.5 | ||
| 041 | 0 | |a cze | |
| 044 | |a SK | ||
| 245 | 1 | 0 | |a Vývoj zahraničního obchodu s obilovinami a výrobky z nich |c Edita Veselská, Ivana Blažková |
| 520 | |a Príspevok analyzuje vývoj zahraničného obchodu s obilninami a produktami z nich v rokoch 1993 - 2001. Hodnotenými produktami sú: pšeničná múka, slad, pekárenské výrobky a cestoviny. Analýza je založená na jedno-faktorových regresných funkciách a koeficientoch variability, ktoré ukazujú hlavné trendy vývoja zahraničného obchodu s týmito produktami. | ||
| 610 | 2 | 0 | |a obchod zahraničný |
| 610 | 2 | 0 | |a obilniny |
| 610 | 2 | 0 | |a slad |
| 610 | 2 | 0 | |a cestoviny |
| 610 | 2 | 0 | |a výrobky poľnohospodárske |
| 610 | 2 | 0 | |a Česko |
| 610 | 2 | 0 | |a 1993-2001 |
| 100 | 1 | |a Veselská, Edita | |
| 700 | 1 | |a Blažková, Ivana | |